[Event "GER-Cup18 E/V04 email"]
[Site "GER email"]
[Date "2013.??.??"]
[Round "?"]
[White "Franke, Claus Peter"]
[Black "Binder, Egon"]
[Result "1-0"]
[WhiteElo "2156"]
[BlackElo "1936"]
[PlyCount "59"]
[EventDate "2013.??.??"]
[EventType "tourn (corr)"]
[EventRounds "4"]
[EventCountry "GER"]
[SourceTitle "Corr 2015"]
[Source "ChessBase"]
[SourceDate "2015.07.17"]
[SourceVersion "1"]
[SourceVersionDate "2015.07.17"]
[SourceQuality "1"]

1. d4 Nf6 2. c4 e6 3. Nc3 Bb4 4. e3 0-0 5. Bd3 d5 6. Nf3 c5 7. 0-0 Nc6 8. a3 Bxc3 9. bxc3 dxc4 10. Bxc4 Qc7 11. Bd3 e5 12. Qc2 Re8 13. dxe5 Nxe5 14. Nxe5 Qxe5 15. f3 Be6 16. e4 c4 17. Be2 Qc5+ 18. Kh1 Rad8 19. a4 b6 20. Rb1 Bd7 21. Rb4 b5 22. axb5 Bxb5 23. Qa2 Rc8 24. Rd1 Red8 25. Rxd8+ Rxd8 26. Qa5 Rb8 27. Bf4 Qb6 28. Qxb6 Rxb6 29. Be3 a5 30. Rb1 1-0

[Event "GER Server Cup09 final email"]
[Site "GER email"]
[Date "2013.??.??"]
[Round "?"]
[White "Schmid, Walter"]
[Black "Franke, Claus Peter"]
[Result "1/2-1/2"]
[WhiteElo "1845"]
[BlackElo "2153"]
[PlyCount "82"]
[EventDate "2013.??.??"]
[EventType "tourn (corr)"]
[EventRounds "6"]
[EventCountry "GER"]
[SourceTitle "Corr 2015"]
[Source "ChessBase"]
[SourceDate "2015.07.17"]
[SourceVersion "1"]
[SourceVersionDate "2015.07.17"]
[SourceQuality "1"]

1. d4 Nf6 2. Nf3 g6 3. c4 Bg7 4. e3 0-0 5. Be2 d5 6. cxd5 Nxd5 7. 0-0 Nb6 8. Nc3 Nc6 9. h3 Be6 10. Ne4 Bf5 11. Nc5 Bc8 12. Qb3 e5 13. Nxe5 Nxe5 14. dxe5 Bxe5 15. e4 Qf6 16. Be3 Bxb2 17. Rab1 Be5 18. f4 Bd4 19. e5 Bxe3+ 20. Qxe3 Qe7 21. Rbd1 c6 22. Ne4 Nd5 23. Qd4 Be6 24. Bc4 Nc7 25. f5 Rfd8 26. Nf6+ Qxf6 27. exf6 Rxd4 28. Rxd4 Bxf5 29. Rfd1 Re8 30. g4 Bc8 31. Rd8 Kf8 32. Kf2 h6 33. a4 Be6 34. Bxe6 Nxe6 35. Rxe8+ Kxe8 36. a5 Nf4 37. Re1+ Ne6 38. Rb1 Nc5 39. Ke3 Kd7 40. Kd4 Ne6+ 41. Kc4 Kc7 1/2-1/2

[Event "GER-ch59 final email"]
[Site "GER email"]
[Date "2011.??.??"]
[Round "?"]
[White "Franke, Claus Peter"]
[Black "Gonschior, Manfred"]
[Result "1-0"]
[WhiteElo "2156"]
[BlackElo "2131"]
[PlyCount "95"]
[EventDate "2012.02.06"]
[EventType "tourn (corr)"]
[EventRounds "12"]
[EventCountry "GER"]
[SourceTitle "Corr 2015"]
[Source "ChessBase"]
[SourceDate "2015.07.17"]
[SourceVersion "1"]
[SourceVersionDate "2015.07.17"]
[SourceQuality "1"]

1. c4 c5 2. Nf3 Nf6 3. d4 cxd4 4. Nxd4 e6 5. Nc3 Bb4 6. Qc2 e5 7. Nf3 d6 8. Bd2 0-0 9. e3 Nbd7 10. a3 Bxc3 11. Bxc3 Re8 12. Be2 b6 13. 0-0 Bb7 14. b4 Rc8 15. Rfd1 Qe7 16. Qb3 Rc7 17. Bb2 Rec8 18. Rac1 Qe6 19. Nd2 e4 20. Qa4 Bc6 21. b5 Nc5 22. Qc2 Bb7 23. Nb3 Nxb3 24. Qxb3 d5 25. Qb4 dxc4 26. Rxc4 Rxc4 27. Bxc4 Bd5 28. Bxd5 Nxd5 29. Qd4 Nf6 30. h3 h6 31. Qd6 Qxd6 32. Rxd6 Nh7 33. Rd7 Ra8 34. Rd4 Re8 35. a4 h5 36. Rd7 Ra8 37. Kf1 Ng5 38. h4 Ne6 39. Ba3 g6 40. Ke2 Kg7 41. f3 exf3+ 42. gxf3 Kg8 43. f4 Ng7 44. e4 Ne8 45. Bb2 Ng7 46. Bxg7 Kxg7 47. e5 a5 48. Kd3 1-0

[Event "GER-ch62 V01 email"]
[Site "GER email"]
[Date "2011.??.??"]
[Round "?"]
[White "Moebius, Manfred"]
[Black "Franke, Claus Peter"]
[Result "0-1"]
[WhiteElo "1888"]
[BlackElo "2156"]
[PlyCount "90"]
[EventDate "2011.01.01"]
[EventType "tourn (corr)"]
[EventRounds "6"]
[EventCountry "GER"]
[SourceTitle "Corr 2015"]
[Source "ChessBase"]
[SourceDate "2015.07.17"]
[SourceVersion "1"]
[SourceVersionDate "2015.07.17"]
[SourceQuality "1"]

1. Nf3 Nf6 2. g3 g6 3. Bg2 Bg7 4. 0-0 0-0 5. c4 c6 6. d3 d5 7. Qb3 dxc4 8. Qxc4 Na6 9. Nc3 Ne8 10. Qh4 Nd6 11. Bd2 Nf5 12. Qa4 Nc5 13. Qc2 a5 14. Rad1 e5 15. Ne4 Nxe4 16. dxe4 Nd4 17. Nxd4 exd4 18. Qc5 Be6 19. e5 Qc7 20. Bf4 Rfd8 21. Rxd4 Rxd4 22. Qxd4 Bxa2 23. Rd1 Be6 24. h4 a4 25. Rd2 Bf8 26. Bg5 b5 27. Rc2 Qd7 28. Qxd7 Bxd7 29. Be3 Rc8 30. Bc5 Bf5 31. e4 Be6 32. f4 Bxc5+ 33. Rxc5 b4 34. Bf1 a3 35. bxa3 b3 36. Rc1 b2 37. Rb1 Rb8 38. Bd3 Ba2 39. Rf1 Rd8 40. Rf2 Rxd3 41. Rxb2 Rxg3+ 42. Kf2 Rxa3 43. f5 gxf5 44. exf5 Bd5 45. h5 Ra2 0-1

[Event "GER-ch62 V01 email"]
[Site "GER email"]
[Date "2011.??.??"]
[Round "?"]
[White "Reimann, Manfred"]
[Black "Franke, Claus Peter"]
[Result "1/2-1/2"]
[WhiteElo "1601"]
[BlackElo "2156"]
[PlyCount "50"]
[EventDate "2011.01.01"]
[EventType "tourn (corr)"]
[EventRounds "6"]
[EventCountry "GER"]
[SourceTitle "Corr 2015"]
[Source "ChessBase"]
[SourceDate "2015.07.17"]
[SourceVersion "1"]
[SourceVersionDate "2015.07.17"]
[SourceQuality "1"]

1. c4 Nf6 2. Nc3 e5 3. d3 Nc6 4. Nf3 d5 5. cxd5 Nxd5 6. a3 Be7 7. g3 Nb6 8. Bg2 0-0 9. 0-0 Be6 10. Qc2 Nd4 11. Nxd4 exd4 12. Ne4 Bd5 13. Bf4 Rc8 14. Bh3 f5 15. Nd2 c5 16. e4 dxe3 17. fxe3 g5 18. e4 gxf4 19. exd5 Nxd5 20. Qb3 Kh8 21. Rae1 Bf6 22. Bg2 Nb4 23. axb4 fxg3 24. Nf3 gxh2+ 25. Kh1 cxb4 1/2-1/2

[Event "GER-ch62 V01 email"]
[Site "GER email"]
[Date "2011.??.??"]
[Round "?"]
[White "Schulze, Guenter"]
[Black "Franke, Claus Peter"]
[Result "0-1"]
[WhiteElo "1999"]
[BlackElo "2156"]
[PlyCount "106"]
[EventDate "2011.01.01"]
[EventType "tourn (corr)"]
[EventRounds "6"]
[EventCountry "GER"]
[SourceTitle "Corr 2015"]
[Source "ChessBase"]
[SourceDate "2015.07.17"]
[SourceVersion "1"]
[SourceVersionDate "2015.07.17"]
[SourceQuality "1"]

1. d4 Nf6 2. c4 g6 3. Nc3 d5 4. h4 c6 5. cxd5 cxd5 6. Bf4 Nc6 7. e3 Bg7 8. Be2 0-0 9. h5 Qb6 10. Qd2 Ne4 11. Nxe4 dxe4 12. hxg6 hxg6 13. Bg5 Rd8 14. Rc1 Be6 15. b3 Rac8 16. Nh3 f6 17. Bf4 Bf7 18. Bg4 f5 19. Be2 e5 20. Bg5 Rd6 21. f3 exf3 22. gxf3 Re8 23. Bc4 exd4 24. Bxf7+ Kxf7 25. Bf4 Ne5 26. Ng5+ Kg8 27. e4 fxe4 28. fxe4 d3 29. Be3 Qa6 30. 0-0 Rd7 31. Qh2 Bf6 32. Qh3 Bxg5 33. Bxg5 d2 34. Rcd1 Rd3 35. Qg2 Qb6+ 36. Kh1 Qe6 37. Kg1 Rh3 38. Rf2 Rf8 39. Rxf8+ Kxf8 40. Rf1+ Ke8 41. Bxd2 Qb6+ 42. Qf2 Nf3+ 43. Kg2 Qe6 44. Qxf3 Rxf3 45. Rxf3 Qa6 46. Kg3 Qxa2 47. Bf4 a5 48. Rc3 b5 49. Rc8+ Kd7 50. Rc7+ Kd8 51. Rc3 b4 52. Rd3+ Ke8 53. Kf3 a4 0-1

[Event "GER-ch40 final email"]
[Site "GER email"]
[Date "2008.10.06"]
[Round "?"]
[White "Franke, Claus Peter"]
[Black "Packroff, Hermann"]
[Result "1/2-1/2"]
[WhiteElo "2146"]
[BlackElo "2076"]
[PlyCount "45"]
[EventDate "2008.??.??"]
[EventType "tourn (corr)"]
[EventRounds "14"]
[EventCountry "GER"]
[SourceTitle "Corr 2011"]
[Source "ChessBase"]
[SourceDate "2010.08.31"]
[SourceVersion "1"]
[SourceVersionDate "2010.08.31"]
[SourceQuality "1"]

1. e4 c6 2. d4 d5 3. exd5 cxd5 4. c4 Nf6 5. Nc3 e6 6. Bg5 Bb4 7. Rc1 0-0 8. Nf3 h6 9. Bxf6 Qxf6 10. a3 Bxc3+ 11. Rxc3 dxc4 12. Bxc4 Rd8 13. 0-0 Nc6 14. Rd3 b6 15. Re1 Bb7 16. d5 exd5 17. Bxd5 Qxb2 18. Bxf7+ Kxf7 19. Ng5+ hxg5 20. Qh5+ Kg8 21. Rxd8+ Rxd8 22. Re8+ Rxe8 23. Qxe8+ 1/2-1/2

[Event "GER-ch40 final email"]
[Site "GER email"]
[Date "2008.10.06"]
[Round "?"]
[White "Heinke, Richard"]
[Black "Franke, Claus Peter"]
[Result "1/2-1/2"]
[WhiteElo "2144"]
[BlackElo "2146"]
[PlyCount "97"]
[EventDate "2008.??.??"]
[EventType "tourn (corr)"]
[EventRounds "14"]
[EventCountry "GER"]
[SourceTitle "Corr 2011"]
[Source "ChessBase"]
[SourceDate "2010.08.31"]
[SourceVersion "1"]
[SourceVersionDate "2010.08.31"]
[SourceQuality "1"]

1. d4 Nf6 2. c4 g6 3. Nc3 d5 4. cxd5 Nxd5 5. e4 Nxc3 6. bxc3 Bg7 7. Nf3 c5 8. Rb1 0-0 9. Be2 Bg4 10. 0-0 Nc6 11. d5 Na5 12. Qc2 e5 13. h3 Bxf3 14. Bxf3 b6 15. c4 Nb7 16. a4 Nd6 17. a5 Qc7 18. Bd2 Rab8 19. Rfc1 Rb7 20. Ra1 Qe7 21. Rcb1 Rfb8 22. axb6 axb6 23. Be2 Qh4 24. Bg4 h5 25. g3 Qe7 26. Be2 h4 27. g4 Bf6 28. Ra6 Bg5 29. Bc3 Bf4 30. Kg2 Qc7 31. Rb3 Ra7 32. Rxa7 Qxa7 33. Qb2 f6 34. f3 Qc7 35. Qa1 Rb7 36. Ra3 Nc8 37. Ra8 Rb8 38. Be1 g5 39. Ra6 Rb7 40. Qa4 Kf7 41. Ra8 Ke7 42. Bd1 Rb8 43. Kf1 Rxa8 44. Qxa8 Nd6 45. Be2 Qc8 46. Qa4 Qb7 47. Bf2 Kd8 48. Bd3 Ke7 49. Bc2 1/2-1/2

[Event "GER-ch46 V1 email"]
[Site "GER email"]
[Date "2008.04.14"]
[Round "?"]
[White "Franke, Claus Peter"]
[Black "Maetz, Erich"]
[Result "1/2-1/2"]
[WhiteElo "2146"]
[BlackElo "2125"]
[PlyCount "84"]
[EventDate "2008.??.??"]
[EventType "tourn (corr)"]
[EventRounds "10"]
[EventCountry "GER"]
[SourceTitle "Corr 2011"]
[Source "ChessBase"]
[SourceDate "2010.08.31"]
[SourceVersion "1"]
[SourceVersionDate "2010.08.31"]
[SourceQuality "1"]

1. e4 c5 2. Nf3 d6 3. Bb5+ Bd7 4. Bxd7+ Qxd7 5. c4 Nc6 6. Nc3 g6 7. d4 cxd4 8. Nxd4 Bg7 9. Be3 Nf6 10. f3 0-0 11. 0-0 Rfc8 12. b3 a6 13. a4 Qc7 14. Qd2 e6 15. Rfd1 Rd8 16. Rac1 Nxd4 17. Bxd4 Qa5 18. Qb2 Nh5 19. Bxg7 Nxg7 20. Rd3 Qb6+ 21. Kf1 Rac8 22. Ne2 Rc5 23. Qd2 Ne8 24. b4 Rcc8 25. a5 Qc7 26. g3 Nf6 27. h4 Kg7 28. Kg2 Qe7 29. Nf4 h6 30. Rc2 Rd7 31. Kf2 Kh7 32. Ng2 Nh5 33. g4 Ng7 34. c5 Rcd8 35. c6 Rc7 36. cxb7 Rxc2 37. Qxc2 Qxb7 38. Qc4 h5 39. Ne3 hxg4 40. fxg4 Ne8 41. g5 Rc8 42. Qd4 Ng7 1/2-1/2

[Event "GER-ch46 V1 email"]
[Site "GER email"]
[Date "2008.??.??"]
[Round "?"]
[White "Drobusch, Reinhard"]
[Black "Franke, Claus Peter"]
[Result "0-1"]
[WhiteElo "1917"]
[BlackElo "2146"]
[PlyCount "76"]
[EventDate "2008.??.??"]
[EventType "tourn (corr)"]
[EventRounds "10"]
[EventCountry "GER"]
[SourceTitle "Corr 2011"]
[Source "ChessBase"]
[SourceDate "2010.08.31"]
[SourceVersion "1"]
[SourceVersionDate "2010.08.31"]
[SourceQuality "1"]

1. d4 Nf6 2. Nf3 d5 3. c4 dxc4 4. e3 e6 5. Bxc4 c5 6. 0-0 a6 7. a4 Nc6 8. Qe2 Be7 9. dxc5 Bxc5 10. e4 0-0 11. e5 Nd5 12. Rd1 Qc7 13. Bd2 Ndb4 14. Rc1 b6 15. Nc3 Bb7 16. Ne4 Rfd8 17. Nxc5 bxc5 18. Qe3 Qe7 19. Qc3 h6 20. Be3 Rac8 21. Qa3 a5 22. Bf1 Nd4 23. Nxd4 cxd4 24. Rxc8 Bxc8 25. Bd2 d3 26. Rc1 Ba6 27. Qc3 Rc8 28. Qd4 Rxc1 29. Bxc1 Qc7 30. Bd2 Qc2 31. Bxh6 gxh6 32. Qd8+ Kh7 33. Qe7 Qc8 34. Qxf7+ Kh8 35. g3 Qg8 36. Qf6+ Qg7 37. Bg2 Qxf6 38. exf6 d2 0-1